000 00473nam a2200157Ia 4500
005 20250508155634.0
008 008 250505s9999 xx 000 0 eng d
037 _aBooks to be hide in OPAC
040 _aFEDL
_beng
_cFEDL
041 _aeng
_2eng
084 _a379.5479, BOM/O
_qFEDL
245 0 _aSupplement to the report on public instructions in Bombay State for 1950
300 _a376p.
942 _cHB
_h379.5479, BOM/O
999 _c1358425
_d1358425